01693nam a2200373Ia 4500001001200000003000800012006001900020007001500039008004100054010001700095020001500112040002100127035002100148050002300169082001600192110007100208245021600279260005600495300002500551500007300576500008300649504003900732533015200771650003300923650004200956650005100998650001801049650002701067650003601094655002901130710001701159856012601176999001701302ebr10068408CaPaEBRm u cr cn|||||||||860121s1985 dcua sb 001 0 eng d z 85015284  z030903583X aCaPaEBRcCaPaEBR a(OCoLC)66694108514aRA445b.I58 1985eb04a610/.282192 aInstitute of Medicine (U.S.).bDivision of Health Sciences Policy.10aAssessing medical technologiesh[electronic resource] :breport of a study /cby a committee of the Institute of Medicine, Division of Health Sciences Policy, Division of Health Promotion and Disease Prevention. aWashington, D.C. :bNational Academy Press,cc1985. axvii, 573 p. :bill. aOutgrowth of a conference held by the Institute of Medicine in 1980. aPrepared by the Committee for Evaluating Medical Technologies in Clinical Use. aIncludes bibliographies and index. aElectronic reproduction.bPalo Alto, Calif. :cebrary,d2009.nAvailable via World Wide Web.nAccess may be limited to ebrary affiliated libraries. 0aMedical carezUnited States. 0aTechnology assessmentzUnited States. 0aMedical technologyzUnited StatesxEvaluation. 0aMedical care. 0aTechnology assessment. 0aMedical technologyxEvaluation. 7aElectronic books.2local2 aebrary, Inc.40uhttp://site.ebrary.com/lib/rucke/Doc?id=10068408zAn electronic book accessible through the World Wide Web; click to view c28356d28356